000
00324nam a22001457a 4500
008
230606b ||||| |||| 00| 0 eng d
020
_a
9780134758947
041
_a
eng
080
_2
5 EDITION
_a
51
082
_a
51ANG
100
_a
23
101
_a
MATE
245
_a
ELEMENTARY INTERMEDIATE
_c
ANGEL
942
_2
udc
_c
BK
999
_c
59916
_d
59916